Statistiques concernant Paroles - Nekfeu - Etre humain

Cliquez ici pour prendre le quiz!

Statistiques générales

  • Ce quiz a été pris 126 fois
    (56 depuis la dernière actualisation)
  • Le résultat moyen est 427 sur 713

Statistiques - réponses

Paroles% Correct
de
100%
De
100%
me
100%
Et
97%
et
97%
m'a
97%
ma
97%
A
94%
à
94%
a
94%
du
94%
je
94%
Je
94%
pas,
94%
pas
94%
que
94%
Que
94%
se
94%
au
91%
ces
91%
C'est
91%
c'est
91%
humain
91%
Il
91%
J'ai
91%
j'ai
91%
91%
la
91%
La
91%
le
91%
Le
91%
même
91%
mon
91%
un
91%
ça
88%
ça,
88%
comme
88%
dès
88%
des
88%
En
88%
en
88%
es
88%
être
88%
mal,
88%
mal
88%
moi
88%
pour
88%
te
88%
voir
88%
est
85%
les
85%
main
85%
n'a
85%
peau
85%
Peu
85%
peu
85%
son
85%
avant
82%
Avant,
82%
dans
82%
Dans
82%
d'être
82%
d'un
82%
elle
82%
fait
82%
on
82%
On
82%
quand
82%
Quand
82%
qui
82%
rare
82%
sur
82%
sûr
82%
ai
79%
album
79%
âme
79%
déprimé,
79%
détriment
79%
détruis
79%
Ils
79%
ils
79%
j'aime
79%
j'me
79%
J'me
79%
juste
79%
juste,
79%
lui
79%
Marre
79%
petite
79%
Seigneur,
79%
soeur,
79%
tu
79%
Tu
79%
ceux
76%
excusez-moi
76%
m'entends-tu
76%
naitre
76%
père
76%
peut
76%
ri
76%
t'en
76%
ventre
76%
art
73%
coups
73%
dépend
73%
enceinte
73%
était
73%
famille
73%
famille,
73%
faut
73%
Faut
73%
grand-frère
73%
J'lui
73%
malpropre
73%
maman
73%
m'choque
73%
plus
73%
qu'être
73%
Rien
73%
rien
73%
sûrement
73%
toi
73%
travail
73%
compte
70%
d'une
70%
faisais
70%
j'suis,
70%
j'suis
70%
L'avenir
70%
Mais
70%
mais
70%
mettais
70%
ont
70%
si
70%
Si
70%
tendue,
70%
appris
67%
entre
67%
est-ce
67%
j'sois
67%
l'embêtent
67%
maitre
67%
peut-être
67%
Peut-être
67%
suffit
67%
taper
67%
tout
67%
inquiète
64%
j'vous
64%
m'rendais
64%
normal,
64%
parait
64%
qu'on
64%
suis
64%
tiraillé
64%
une
64%
cet
61%
contraignent
61%
jeté
61%
mes
61%
problèmes
61%
qu'c'est
61%
comprennent,
58%
fric
58%
mec
58%
mort
58%
pleine
58%
s'en
58%
agir
55%
autrement,
55%
changé
55%
dettes
55%
géré
55%
J'aimerais
55%
peur
55%
peur,
55%
sont
55%
amour,
52%
Envers
52%
histoires
52%
jamais
52%
lyriques
52%
Ne
52%
ne
52%
52%
personnages
52%
potes
52%
veux
52%
vrai
52%
y
52%
Contre
48%
crises
48%
donc
48%
envolées
48%
Papa
48%
part
48%
quelques
48%
serait
48%
tête
48%
vie
48%
fie
45%
j'aurais
45%
J't'en
45%
l'époque,
45%
mafieux
45%
mélangé
45%
qu'une
45%
tellement
45%
frôlé
42%
infime
42%
parrain
42%
ses
42%
seul
42%
soi
42%
coeur
39%
fier,
39%
gens
39%
importe
39%
j'agirai
39%
J'avais
39%
j'voulais
39%
loin
39%
m'connaissais,
39%
parfois,
39%
parfois
39%
paroles
39%
sauvage,
39%
touches
39%
vient
39%
battre
36%
craches
36%
demandé
36%
deux
36%
Dieu,
36%
Dieu
36%
faire
36%
hyper
36%
j'veux
36%
Laisse-moi
36%
sans
36%
s'est
36%
t'es
36%
tes
36%
T'es
36%
universelles
36%
vis
36%
bête
33%
chaleur
33%
créateur
33%
Depuis
33%
Depuis,
33%
d'rien
33%
filleule
33%
fois
33%
fois,
33%
J'en
33%
l'aide
33%
l'inertie
33%
m'battre
33%
pâle
33%
parcelle,
33%
qu'il
33%
qu'j'ai
33%
rap
33%
ressens
33%
sais
33%
tous
33%
trop
33%
années
30%
arrêté
30%
arrêté,
30%
d'appart'
30%
déjà
30%
Dis
30%
dis
30%
j'étouffe
30%
partager
30%
secondes,
30%
t'accoster
30%
ton
30%
trucs
30%
voulais
30%
aux
27%
boit
27%
bu
27%
capable,
27%
claques
27%
d'amour
27%
dur
27%
fils
27%
hommes
27%
J'essaye
27%
mieux
27%
m'prouver
27%
n'y
27%
peux
27%
pute
27%
ressens-tu
27%
sens
27%
stéthoscope,
27%
avec
24%
cette
24%
d'éduquer
24%
foyer,
24%
large
24%
L'mafé
24%
l'on
24%
n'est
24%
ovulation
24%
passent
24%
paye
24%
qu'ils
24%
quoi
24%
sape
24%
semaines
24%
sérum
24%
soif
24%
taille
24%
T'écoute
24%
vite
24%
bois
21%
boisson
21%
d'boire
21%
désolé
21%
d'fumer
21%
Nan,
21%
pensé
21%
pipelette,
21%
public
21%
semer
21%
shrab
21%
stoppe,
21%
temps
21%
toilettes
21%
toujours
21%
va
21%
action
18%
conséquence
18%
copulation,
18%
courte,
18%
Eh
18%
étouffante,
18%
fantômes
18%
j'enlève
18%
j'estime
18%
j'le
18%
j'vois
18%
lassant,
18%
l'étiquette
18%
l'genre
18%
m'croyaient
18%
m'voyaient
18%
nez
18%
noirceur
18%
Noyé,
18%
population
18%
pourvu
18%
salopes
18%
t'ont
18%
Aucune
15%
bénéfiques
15%
cheveux
15%
croit
15%
croyais
15%
dure
15%
esclave
15%
j'écris
15%
jugent
15%
l'heure
15%
nombril
15%
nos
15%
n'sont
15%
ondulation
15%
Ouais,
15%
Pardon
15%
qu'mon
15%
ressemble
15%
toi-même
15%
vice
15%
accidents
12%
auréolés
12%
boites,
12%
certains
12%
corps
12%
d'voir
12%
filles
12%
graines,
12%
j'y
12%
l'addition
12%
l'âme
12%
l’arme
12%
Regarde
12%
revois
12%
t'achète
12%
CAF
9%
came
9%
cent
9%
Chaque
9%
chez
9%
clés
9%
Consomme
9%
contours
9%
déchetteries
9%
d'enfoncer
9%
d'été
9%
d'se
9%
infrarouge
9%
J'fournis
9%
l'ont
9%
payer
9%
repense
9%
s'disant
9%
s'empêcher
9%
sentir
9%
Sheitan
9%
soleil,
9%
t'as
9%
traite
9%
vision
9%
choses,
6%
division
6%
d'la
6%
d'vivre
6%
gare
6%
jettes
6%
man
6%
mélancolie
6%
musique
6%
précieux
6%
quais
6%
rayonner
6%
sauvé
6%
soustraire
6%
vacances
6%
veulent
6%
addictions,
3%
cave
3%
Chacun
3%
chette-ca
3%
d'plus
3%
multiplient
3%
qu'les
3%
vivant
3%
chèques,
0%
cher-tout
0%
expériences
0%
mois
0%
vécu
0%

Distribution des résultats

Percentile par nombre de réponses

% des personnes avec chaque résultat

Votre développement - résultats

Vous n’avez pas pris ce quiz depuis la dernière actualisation